000 00672nam a22002057a 4500
005 20140501161422.0
010 _aENG-109657
020 _c650.00
_a9781259005046
035 _aEN-93190
037 _bDBAD/PUB
082 _a616.89
100 _aVeeraraghavan, Vimala
245 0 0 _aA textbook of abnormal and clinical psychology /
_bby Vimala Veeraraghavan [and] Shalini Singh
260 _aNew Delhi
_bMcGraw Hill Education
_c2014
270 _aP-24, Green Park Extn.
_bNew Delhi
_e110016
300 _axvi,651p.
_c24cm(pbk)
500 _aIncludes bibliographical references and index
700 _aSingh, Shalini
942 _2ddc
_cEN
_mVEE
_h616.89
999 _c83288
_d83288